| 000 -LEADER |
| fixed length control field |
00872cam a22002774a 4500 |
| 001 - CONTROL NUMBER |
| control field |
13618650 |
| 005 - DATE AND TIME OF LATEST TRANSACTION |
| control field |
20180119071455.0 |
| 008 - FIXED-LENGTH DATA ELEMENTS--GENERAL INFORMATION |
| fixed length control field |
040604s2005 nju bf 001 0 eng |
| 010 ## - LIBRARY OF CONGRESS CONTROL NUMBER |
| LC control number |
2004013324 |
| 020 ## - INTERNATIONAL STANDARD BOOK NUMBER |
| International Standard Book Number |
0131915649 |
| 035 ## - SYSTEM CONTROL NUMBER |
| System control number |
(DNLM)101219567 |
| 040 ## - CATALOGING SOURCE |
| Original cataloging agency |
DNLM/DLC |
| Transcribing agency |
DLC |
| Modifying agency |
DLC |
| 041 ## - LANGUAGE CODE |
| Language code of text/sound track or separate title |
eng |
| 042 ## - AUTHENTICATION CODE |
| Authentication code |
pcc |
| 060 10 - NATIONAL LIBRARY OF MEDICINE CALL NUMBER |
| Classification number |
615.788 |
| Item number |
P9736 2005 |
| 080 ## - UNIVERSAL DECIMAL CLASSIFICATION NUMBER |
| Universal Decimal Classification number |
615.788 |
| 082 00 - DEWEY DECIMAL CLASSIFICATION NUMBER |
| Classification number |
615.788 TRI |
| Edition number |
22 |
| 100 ## - Rafti |
| Rafti |
5 |
| 101 ## - Shkurtesa |
| Shkurtesa |
SHF |
| 245 00 - TITLE STATEMENT |
| Title |
Psychiatric drug guide / |
| Statement of responsibility, etc |
Eileen Trigoboff ... [et al.]. |
| 246 3# - VARYING FORM OF TITLE |
| Title proper/short title |
Prentice Hall psychiatric drug guide |
| 504 ## - BIBLIOGRAPHY, ETC. NOTE |
| Bibliography, etc |
Includes bibliographical references and index. |
| 906 ## - LOCAL DATA ELEMENT F, LDF (RLIN) |
| a |
7 |
| b |
cbc |
| c |
orignew |
| d |
1 |
| e |
ecip |
| f |
20 |
| g |
y-gencatlg |
| 942 ## - ADDED ENTRY ELEMENTS (KOHA) |
| Source of classification or shelving scheme |
|
| Item type |
Books |